[Event "WchT (Women) 12th"]
[Site "Astana"]
[Date "2019.03.09"]
[Round "5.4"]
[White "Ehab, Tasneem"]
[Black "Bhakti, Kulkarni"]
[Result "0-1"]
[WhiteElo "1841"]
[BlackElo "2322"]
[PlyCount "126"]
[EventDate "2019.03.05"]
[EventType "team-tourn"]
[EventRounds "9"]
[EventCountry "KAZ"]
[SourceTitle "CBM 189"]
[Source "ChessBase"]
[SourceDate "2019.04.29"]
[SourceVersion "1"]
[SourceVersionDate "2019.04.29"]
[SourceQuality "1"]
[WhiteTeam "Egypt (W)"]
[BlackTeam "India (W)"]
[WhiteTeamCountry "EGY"]
[BlackTeamCountry "IND"]

1. d4 Nf6 2. Bf4 e6 3. e3 d5 4. Nf3 Bd6 5. Bg3 0-0 6. Bd3 b6 7. a4 c5 8. c3 Qc7 9. Bxd6 Qxd6 10. Ne5 Ba6 11. 0-0 Bxd3 12. Qxd3 Nc6 13. f4 Ne4 14. Nd2 Nxd2 15. Qxd2 Na5 16. Qc2 f6 17. Ng4 Rac8 18. Rf3 Nc6 19. Qd3 Rc7 20. Rh3 f5 21. Ne5 Nxe5 22. fxe5 Qd7 23. Qc2 g6 24. Rf3 Rfc8 25. h4 Qe7 26. Qf2 cxd4 27. exd4 Rc4 28. Qg3 Kg7 29. h5 g5 30. Qf2 g4 31. Rf4 Qg5 32. g3 Qxh5 33. Qg2 Qe8 34. Qf2 R8c7 35. Kg2 Kg8 36. Qc2 h5 37. Qb3 Rh7 38. Qb5 Qc6 39. Rc1 h4 40. gxh4 Rxh4 41. Rh1 Rxh1 42. Kxh1 Qxb5 43. axb5 Kg7 44. Rf2 Kg6 45. Kg2 Kg5 46. Rc2 Kf4 47. b3 Rc7 48. c4 Ke3 49. Kg3 Kxd4 50. Kf4 dxc4 51. Rd2+ Kc3 52. Rd6 Kxb3 53. Rc6 Re7 54. Kg5 g3 55. Kf6 Re8 56. Kf7 g2 57. Kxe8 g1Q 58. Rxe6 c3 59. Rc6 c2 60. e6 c1Q 61. Rxc1 Qxc1 62. e7 f4 63. Kf7 Qe3 0-1

[Event "WchT (Women) 6th"]
[Site "Khanty-Mansiysk"]
[Date "2017.06.24"]
[Round "7.1"]
[White "Buksa, Nataliya"]
[Black "Ehab, Tasneem"]
[Result "1-0"]
[WhiteElo "2344"]
[BlackElo "1750"]
[PlyCount "99"]
[EventDate "2017.06.17"]
[EventType "team-tourn"]
[EventRounds "9"]
[EventCountry "RUS"]
[SourceTitle "CBM 179 Extra"]
[Source "ChessBase"]
[SourceDate "2017.08.23"]
[SourceVersion "1"]
[SourceVersionDate "2017.08.23"]
[SourceQuality "1"]
[WhiteTeam "Ukraine (W)"]
[BlackTeam "Egypt (W)"]
[WhiteTeamCountry "UKR"]
[BlackTeamCountry "EGY"]

1. e4 c5 2. Nf3 g6 3. d4 cxd4 4. Nxd4 Nc6 5. c4 Nf6 6. Nc3 Nxd4 7. Qxd4 d6 8. Be3 Bg7 9. f3 0-0 10. Qd2 Qa5 11. Rc1 Be6 12. Nd5 Qxd2+ 13. Kxd2 Bxd5 14. cxd5 Rfc8 15. Rxc8+ Rxc8 16. g3 b6 17. Bb5 Kf8 18. a4 Ne8 19. Rc1 Rxc1 20. Kxc1 Nc7 21. Bc6 Na6 22. a5 bxa5 23. Bxa7 Nc5 24. Kc2 Bd4 25. Bb6 Nb3 26. Bc7 a4 27. Bxa4 Nc5 28. Bb5 f5 29. b4 fxe4 30. bxc5 Bxc5 31. fxe4 g5 32. g4 Bd4 33. Kd3 Be5 34. h3 Kf7 35. Bb6 Bf4 36. Bd7 h6 37. Bd4 Bg3 38. Be6+ Kf8 39. Kc4 Bf4 40. Kb5 Bg3 41. Kc6 Bf4 42. Kd7 Bg3 43. Kd8 Bf4 44. Bd7 Bg3 45. Be8 Bf4 46. Kd7 Bg3 47. Bg6 Bf4 48. Bb6 Be5 49. Bd8 Bf6 50. Bh5 1-0

[Event "Arab-ch U18 Girls"]
[Site "Djerba"]
[Date "2016.07.25"]
[Round "3.3"]
[White "Ehab, Tasneem"]
[Black "Ibrahimi, Khadija"]
[Result "0-1"]
[WhiteElo "1906"]
[BlackElo "1553"]
[PlyCount "76"]
[EventDate "2016.07.23"]
[EventType "swiss"]
[EventRounds "7"]
[EventCountry "TUN"]
[SourceTitle "EXT 2024"]
[Source "ChessBase"]
[SourceDate "2023.10.10"]
[SourceVersion "1"]
[SourceVersionDate "2023.10.10"]
[SourceQuality "1"]

1. d4 c5 2. c3 cxd4 3. cxd4 d5 4. Nf3 Nc6 5. Bf4 Nf6 6. e3 e6 7. Nc3 a6 8. a3 Bd7 9. Bd3 Be7 10. Ne5 0-0 11. 0-0 Rc8 12. Qf3 h6 13. Qh3 Re8 14. g4 g5 15. Bg3 Kg7 16. f4 Rh8 17. Rf2 Qb6 18. Raf1 Rcf8 19. Nd1 Be8 20. Rf3 Nd7 21. Nxd7 Bxd7 22. f5 f6 23. fxe6 Bxe6 24. Bf5 Bf7 25. Qg2 Na5 26. Qc2 Nc4 27. Bf2 h5 28. e4 h4 29. e5 Be6 30. Rb3 Qc6 31. Ne3 Kf7 32. Bg6+ Kg7 33. Bh5 Rh6 34. Nxc4 dxc4 35. Re1 h3 36. Qe2 f5 37. Rc3 Bd5 38. Rcc1 fxg4 0-1

[Event "Mahalla op 16th"]
[Site "Mahalla"]
[Date "2015.07.30"]
[Round "7"]
[White "Allam, Emad Hamdy"]
[Black "Ehab, Tasneem"]
[Result "1-0"]
[WhiteElo "2040"]
[BlackElo "1893"]
[PlyCount "89"]
[EventDate "2015.07.24"]
[EventType "swiss"]
[EventRounds "9"]
[EventCountry "EGY"]
[SourceTitle "EXT 2016"]
[Source "ChessBase"]
[SourceDate "2015.10.08"]
[SourceVersion "1"]
[SourceVersionDate "2015.10.08"]
[SourceQuality "1"]

1. c4 c5 2. Nc3 g6 3. g3 Bg7 4. Bg2 Nc6 5. d3 b6 6. e4 Bb7 7. Nge2 d6 8. 0-0 Nf6 9. h3 0-0 10. Be3 Qd7 11. Qd2 Rfd8 12. Bh6 Bh8 13. f4 e6 14. f5 exf5 15. Rxf5 Ne7 16. Rf2 Nc6 17. Raf1 Nh5 18. g4 Ng7 19. Rxf7 Qxf7 20. Rxf7 Kxf7 21. e5 dxe5 22. Bd5+ Ke8 23. Ne4 Kd7 24. N2c3 a6 25. Bg5 Rdb8 26. Nf6+ Kc7 27. Nxh7 Ne8 28. Nf8 Nf6 29. Ne6+ Kd7 30. Qg2 Re8 31. Bxf6 Bxf6 32. g5 Rxe6 33. Bxe6+ Kxe6 34. Qg4+ Kd6 35. Ne4+ Kc7 36. Nxf6 Bc8 37. Qh4 Bf5 38. Nd5+ Kd6 39. Qh7 Ra7 40. Qh8 Rf7 41. Qe8 Rh7 42. Qf8+ Ke6 43. Qg8+ Rf7 44. Qe8+ Ne7 45. Nc7+ 1-0

[Event "Africa-ch (Women)"]
[Site "Cairo"]
[Date "2015.05.07"]
[Round "6"]
[White "Ehab, Tasneem"]
[Black "Wafa, Shrook"]
[Result "0-1"]
[WhiteElo "1760"]
[BlackElo "2160"]
[PlyCount "90"]
[EventDate "2015.05.02"]
[EventType "team-swiss"]
[EventRounds "9"]
[EventCountry "EGY"]
[SourceTitle "CBM 166 Extra"]
[Source "ChessBase"]
[SourceDate "2015.06.18"]
[SourceVersion "1"]
[SourceVersionDate "2015.06.18"]
[SourceQuality "1"]

1. d4 Nf6 2. Nf3 e6 3. g3 Be7 4. Bg2 0-0 5. c4 Bb4+ 6. Bd2 Qe7 7. a3 Bxd2+ 8. Nfxd2 d6 9. 0-0 e5 10. e3 a5 11. Nc3 Nc6 12. d5 Nb8 13. b4 Bg4 14. Qc2 Na6 15. Qb2 Nd7 16. Nb5 f5 17. Rfe1 Rfc8 18. c5 e4 19. h3 Bh5 20. Nd4 Qf6 21. cxd6 cxd6 22. g4 fxg4 23. Nxe4 Qg6 24. hxg4 Bxg4 25. f3 Bxf3 26. Nxf3 Qxe4 27. Nd4 Qg4 28. Kh2 Qh4+ 29. Bh3 Rf8 30. Re2 Ne5 31. Rg1 Rae8 32. Rg3 h5 33. Reg2 Ng4+ 34. Kg1 Re5 35. Nf3 Rxf3 36. Rxf3 Qe1+ 37. Rf1 Qxe3+ 38. Kh1 Qxh3+ 39. Kg1 Ne3 40. Qf2 Qxg2+ 41. Qxg2 Nxg2 42. Kxg2 axb4 43. axb4 Nxb4 44. Rb1 Nxd5 45. Rxb7 g5 0-1

[Event "Africa zt 4.2 (Women)"]
[Site "Kamwokya"]
[Date "2015.04.23"]
[Round "7"]
[White "Ehab, Tasneem"]
[Black "Mutesi, Phiona"]
[Result "1-0"]
[WhiteElo "1690"]
[BlackElo "1660"]
[PlyCount "125"]
[EventDate "2015.04.18"]
[EventType "swiss"]
[EventRounds "9"]
[EventCountry "UGA"]
[SourceTitle "EXT 2016"]
[Source "ChessBase"]
[SourceDate "2015.10.08"]
[SourceVersion "1"]
[SourceVersionDate "2015.10.08"]
[SourceQuality "1"]

1. d4 f5 2. Bf4 e6 3. e3 Nf6 4. Nf3 Be7 5. Bd3 b6 6. Nc3 Bb7 7. Nb5 Na6 8. h3 0-0 9. 0-0 Kh8 10. a4 Ne8 11. c3 c5 12. Ne5 Nf6 13. Be2 Qe8 14. Bf3 Bxf3 15. Qxf3 d5 16. Qe2 Ne4 17. f3 Nf6 18. Qf2 Kg8 19. Qe2 Qc8 20. Nd3 Qc6 21. dxc5 bxc5 22. Ne5 Qb7 23. Rad1 Rac8 24. Nd3 Rcd8 25. Be5 Ne8 26. Nf4 Kf7 27. e4 dxe4 28. Qc4 Nec7 29. Nxc7 Nxc7 30. Bxc7 Rxd1 31. Rxd1 Qc8 32. Be5 exf3 33. gxf3 g5 34. Ng2 Qc6 35. Rf1 Rd8 36. Ne3 Kg6 37. Rf2 h5 38. Qb5 Qc8 39. f4 g4 40. hxg4 hxg4 41. Rg2 Rg8 42. Qe2 Kf7 43. Rh2 Qe8 44. Rh7+ Kf8 45. Qh2 Qg6 46. Qh6+ Qxh6 47. Rxh6 Kf7 48. Rh7+ Ke8 49. Nc4 Kd8 50. Na5 Kd7 51. Bf6 Re8 52. Nb7 Kc6 53. Bxe7 Kxb7 54. Bxc5+ Kc6 55. Bxa7 e5 56. fxe5 Rxe5 57. Bd4 Re4 58. Rh6+ Kc7 59. a5 f4 60. Rg6 g3 61. a6 Re1+ 62. Kg2 Re2+ 63. Kf3 1-0